| 000 | 00000nam 2200000za 4500 |
| 001 | 9.679544 |
| 003 | CaOODSP |
| 005 | 20240207110934 |
| 007 | ta |
| 008 | 150407s1997 onc||||| f|0| 0 fre d |
| 020 | |a0-660-95080-4 |
| 040 | |aCaOODSP|bfre |
| 043 | |an-cn--- |
| 086 | 1 |aSE3-36/1997F |
| 245 | 02|aL'histoire du vote au Canada. |
| 260 | |aOttawa : |bÉlections Canada, |c1997. |
| 300 | |axviii, 115 p. : |bill. en couleur ; |c21 cm. |
| 500 | |aCette publication est périmée et n’est plus disponible en version imprimée. |
| 500 | |a«L'ouvrage raconte la lutte des Canadiens pour acquérir le droit de vote et pour surmonter les obstacles à son exercice, deux siècles d'évolution qui ont abouti à l'enchâssement du suffrage universel dans la Constitution.»--Préface. Données de catalogage avant publication (Canada) imprimées dans cette publication. |
| 504 | |aComprend des références bibliographiques. |
| 520 | 3 |aCet ouvrage bien documenté embrasse l'histoire du vote au Canada depuis les premières élections tenues en Nouvelle-Écosse en 1759 jusqu'à nos jours. Au moyen de citations et d'anecdotes fascinantes ainsi que d'images de documents historiques et d'artefacts, cette publication abondamment illustrée relate l'évolution du processus électoral démocratique au Canada. Les droits des femmes, des peuples autochtones et des minorités religieuses et raciales y sont expliqués dans le contexte de l'exercice du droit de vote. On y étudie également les modifications apportées aux critères d'admissibilité des électeurs et aux méthodes d'élection. |
| 563 | |aCouverture souple |
| 590 | |a97-50|b1997-12-12 |
| 691 | 07|aSystème électoral|2gcpds |
| 710 | 2 |aÉlections Canada. |
| 775 | 08|tHistory of the vote in Canada. |w(CaOODSP)9.645934 |